00654nam a2200181 i 4500001000700000003000900007005001700016007000300033008004100036110007400077245005300151260006700204300001800271505010700289650003200396700002400428852002000452173672ES-MaACL20230906215317.0t|091229s1877 sp |||| | spa d2 aReal Academia de Ciencias Exactas, Físicas y Naturales de España.10aMemorias de la Real Academia de Ciencias g1877. aMadrid : b[s.n.], c1877 (Imp. de la Viuda de Aguado e Hijos) av. ; c28 cm.8 aContiene: T. VII ; tTratado elemental de la teoría de los números / rEulogio Jiménez (674 p.). 4aNúmeros, Teoría de los.1 aJiménez, Eulogio. aES-MaACLjK-222